000 00833cam a2200253 a 4500
001 3981071
003 ARRUPE
005 20130917134103.0
008 951006s1996 mou 001 0 eng
010 _a 95045290
020 _a0892438649 (pbk.)
040 _aDLC
_cDLC
_dDLC
050 0 0 _aBX1959.5
_b.L85 1996
082 0 0 _a238/.2
_220
100 1 _aLukefahr, Oscar.
_9286
245 1 4 _aThe Catechism handbook /
_cOscar Lukefahr.
260 _aLigouri, Mo. :
_bLigouri Publications,
_cc1996.
300 _axii, 111 p. ;
_c23 cm.
610 2 0 _aCatholic Church.
_tCatechismus Ecclesiae Catholicae.
_9287
610 2 0 _aCatholic Church
_xCatechisms.
_9288
906 _a7
_bcbc
_corignew
_d1
_eocip
_f19
_gy-gencatlg
942 _2lcc
_cMONOGRAPH
999 _c117817
_d117817